000 00434nam a2200169Ia 4500
008 090711s9999 xx 000 0 und d
082 _b40083
100 _aभागवत यशवंत
245 _aपोरकी
260 _c1979
300 _a156
600 _aभागवत यशवंत
630 _aपोरकी
700 _aभागवत यशवंत
730 _aपोरकी
942 _cBOOK
999 _c293418
_d293418